Normal view
MARC view
- Lafore, Robert
Entry Personal Name
001 - CONTROL NUMBER
- control field: 17944
003 - CONTROL NUMBER IDENTIFIER
- control field: NUST
005 - DATE AND TIME OF LATEST TRANSACTION
- control field: 20190718050756.0
008 - FIXED-LENGTH DATA ELEMENTS
- fixed length control field: 190718|| aca||aabn | a|a d
040 ## - CATALOGING SOURCE
- Original cataloging agency: NUST
- Transcribing agency: NUST
100 ## - HEADING--PERSONAL NAME
- Personal name: Lafore, Robert
- Fuller form of name: (Robert W.)
670 ## - SOURCE DATA FOUND
- Source citation: Work cat.: (NUST)0: Lafore, Robert (Robert W.), Object-oriented programming in C++ /, 2002.
